000 00502nam a22001697a 4500
003 MPLRDC
005 20220104123828.0
008 210129b ||||| |||| 00| 0 eng d
082 _a811.39 NYSB v.2 1985
100 _a全国华校教总、南洋商报联合主办
245 _a1985年全国现场华文作文比优胜作品专辑 (初中/ 高中组)
_c
250 _a初版
260 _a
_b南洋商报
_c1986
300 _b
650 _a各种文章作法
942 _cBK
_o811.39 NYSB v.2 1985
999 _c14522
_d14512